00570 2200217 4500001002100000005001500021035002000036007000300056008004100059020002200100082001000122084001400132245007800146260003400224300002500258650002500283990001100308990001100319990001100330990001100341INLIS00000000000132520220517125344 a0010-0118000143ta220517 g 0 eng  a978-602-17759-7-4 aR.423 aR.423 KAM aKamus super lengkap Bahasa Inggris :bInggris-Indonesia Indonesia-Inggris ajakarta :bInfra Group,c2013 a444hlm ;c14 x 21 cm 4aKamus Bahasa Inggris a5735 a a5735 b a5735 A a5735 b